Persona 3 (Reload) Ultimate Character Quiz - Statistics

General Stats
  • This quiz has been taken 72 times
  • The average score is 26 of 45
Answer Stats
Hint Answer % Correct
The main character Makoto Yuki
100%
SEES member, 2nd Year, Self-proclaimed "Ace Detective" Junpei Iori
98%
SEES member, 2nd Year, Lover's Arcana Yukari Takeba
98%
SEES member, 3rd Year, Boxer Akihiko Sanada
97%
SEES member, 3rd Year, Empress Arcana, Student Council President Mitsuru Kirijo
97%
SEES member, 3rd Year, Close Friend of the Former Shinjiro Aragaki
97%
SEES member, Aeon Arcana, Robot Aigis
95%
SEES member, 2nd Year, Priestess Arcana, Navigator Fuuka Yamagishi
94%
SEES member, Dog Koromaru
94%
SEES member, Elementary School Student Ken Amada
92%
Runs the Velvet Room Igor
84%
Assistant to the former, gives the main character various requests Elizabeth
82%
French Exchange Student, Temperance Arcana, Fashion Club Bebe
68%
Mysterious Boy who visits the main character during the Dark Hour, Death Arcana Pharos
68%
Student, Personification of Death Ryoji Mochizuki
68%
Member of Strega, Wears Glasses Jin Shirato
66%
Student, Magician Arcana, Interested in one of his teachers Kenji Tomochika
66%
Sleazy Businessman, Devil Arcana, Runs a home shopping show selling "Amazing Commodities" President Tanaka
66%
Member of Strega, Develops close relationship to the self-proclaimed "Ace Detective" Chidori Yoshino
65%
Chairman & Advisor of SEES, Fan of puns Shuji Ikutsuki
65%
Student, Justice Arcana, Treasurer of Student Council Chihiro Fushimi
63%
Composition Teacher at Gekkoukan High, Hermit Arcana, Online Gamer Maya
61%
Leader of Strega, Carries his signature Revolver (aka Revolver Jesus) Takaya Sakaki
60%
Student, Strength Arcana, Captain of the Track Team Yuko Nishiwaki
56%
Father of SEES member, wears eyepatch Takeharu Kirijo
55%
Father of SEES member, Head of the Research Project that led to the 1999 disaster Eiichiro Takeba
52%
Old Man, Heirophant Arcana, Runs a bookstore with the latter Bunkichi Kitamura
50%
Elementary School Student, Hanged Man Arcana, Parents going through a divorce Maiko Oohashi
50%
Student, Moon Arcana, Goes by "Gourmet King" Nozomi Suemitsu
50%
Dying Young Man, Sun Arcana, Seen often at Naganaki Shrine Akinari Kamiki
47%
Student, Chariot Arcana, Track Team Member Kazushi Miyamoto
45%
Drunken Monk, Tower Arcana, Regular at Club Escapade Mutatsu
44%
Track Star, Star Arcana Mamoru Hayase
42%
Student, Emperor Arcana, Disciplinary Committee Representative in Student Council Hidetoshi Odagiri
40%
Student, Fortune Arcana, Art Club Keisuke Hiraga
40%
Old Woman, Heirophant Arcana, Runs a bookstore with the former Mitsuko Kitamura
39%
Student, Former Bully and later friend of SEES's navigator Natsuki Moriyama
39%
Police Officer, Sells weapons and armor at the police station Officer Kurosawa
35%
Teacher and Nurse at Gekkoukan High Mr. Edogawa
31%
Economics Teacher at Gekkoukan High, Focus of another student's flirting Emiri Kanou
18%
History Teacher at Gekkoukan High, Wears Samurai Helmet Mr. Ono
13%
Mathematics Teacher at Gekkoukan High, Has an Afro Mr. Miyahara
11%
English & Japanese Teacher at Gekkoukan High, Wears orange Mrs. Terauchi
11%
Physics Teacher at Gekkoukan High Mr. Takenozuka
10%
Science Teacher at Gekkoukan High, Needed in completing one of the Velvet Room requests Ms. Ounishi
10%
No matching quizzes found
Score Distribution
Percent of People with Each Score
Percentile by Number Answered
Your Score History
You have not taken this quiz